Accounting for management: planning and control. (3rd ed.) (Record no. 75600)
[ view plain ]
| 000 -LEADER | |
|---|---|
| fixed length control field | 00797nam a2200193 a 4500 |
| 008 - FIXED-LENGTH DATA ELEMENTS--GENERAL INFORMATION | |
| fixed length control field | 120416s1983 ||||||||||||||||| || u |
| 020 ## - INTERNATIONAL STANDARD BOOK NUMBER | |
| International Standard Book Number | 0070992037 |
| 050 ## - LIBRARY OF CONGRESS CALL NUMBER | |
| Classification number | HF 5635 Lyn |
| 100 ## - MAIN ENTRY--PERSONAL NAME | |
| Personal name | Lynch, Richard M |
| 245 10 - TITLE STATEMENT | |
| Title | Accounting for management: planning and control. (3rd ed.) |
| 250 ## - EDITION STATEMENT | |
| Edition statement | 3rd ed. |
| 260 ## - PUBLICATION, DISTRIBUTION, ETC. | |
| Place of publication, distribution, etc. | New York: |
| Name of publisher, distributor, etc. | McGraw-Hill |
| Date of publication, distribution, etc. | 1983 |
| 300 ## - PHYSICAL DESCRIPTION | |
| Extent | xviii, 542p. : ill. |
| 350 ## - | |
| -- | 0.00 |
| 650 #0 - SUBJECT ADDED ENTRY--TOPICAL TERM | |
| Topical term or geographic name entry element | ACCOUNTING--HANDBOOKS, MANUALS, ETC |
| 650 #0 - SUBJECT ADDED ENTRY--TOPICAL TERM | |
| Topical term or geographic name entry element | MANAGERIAL ACCOUNTING |
| 995 ## - | |
| -- | BINDERY (DAMAGED) |
| -- | 0.00 |
| -- | 006445 |
| -- | CBU-MAIN LIBRARY (Kitwe) |
| -- | 1 |
| -- | 12.50 |
| -- | HF 5635 Lyn |
| -- | DAMAGED |
| -- | 006445 |
| -- | Main Library Open Access Collection |
| 995 ## - | |
| -- | ANNEX COLLECTION (Main Library) |
| -- | 0.00 |
| -- | 006449 |
| -- | CBU-MAIN LIBRARY (Kitwe) |
| -- | 2 |
| -- | 12.50 |
| -- | HF 5635 Lyn |
| -- | AVAILABLE |
| -- | 006449 |
| -- | Annex Low-Usage Collection |
| 999 ## - | |
| -- | 75600 |
| -- | 75600 |
| Withdrawn status | Lost status | Source of classification or shelving scheme | Damaged status | Not for loan | Collection code | Permanent Location | Current Location | Date acquired | Full call number | Barcode | Date last seen | Copy number | Price effective from | Koha item type |
|---|---|---|---|---|---|---|---|---|---|---|---|---|---|---|
| Damaged | BINDERY (DAMAGED) | CBU-MAIN LIBRARY, KITWE. | CBU-MAIN LIBRARY, KITWE. | 03/30/2023 | HF 5635 Lyn | 006445 | 03/30/2023 | 1 | 03/30/2023 | MONOGRAPH | ||||
| ANNEX-Low Usage Collection | CBU-MAIN LIBRARY, KITWE. | CBU-MAIN LIBRARY, KITWE. | 03/30/2023 | HF 5635 Lyn | 006449 | 03/30/2023 | 2 | 03/30/2023 | MONOGRAPH |